000
00304nam a22001337a 4500
008
170214b xxu||||| |||| 00| 0 eng d
020
_a
0815148003
041
_a
eng
080
_2
5ED
_a
618.2
100
_a
1
101
_a
INF
245
_a
MOSBY MEDICAL NURSING ALLIED HEALTH
_c
ANDERSON
942
_2
udc
_c
BK
999
_c
5411
_d
5411